إدارة الائتمان بالمصارف / (رقم التسجيلة. 136372)

تفاصيل مارك
000 -الفاتح
عناصر البيانات ثابتة الطول 00675cam a2200193 i 4500
005 - تاريخ ووقت آخر معاملة
حقل ضبط 20260120093913.0
008 - عناصر البيانات ثابتة الطول
عناصر البيانات ثابتة الطول 250721s2016 jo gr 000 0 ara d
020 ## - الترقيم الدولي المعياري للكتب (ردمك)
الترقيم الدولي المعياري للكتب (ردمك) 9789957991005
082 14 - رقم تصنيف ديوي العشري
رقم التصنيف 332.7
رقم المادة خ ي ر
100 1# - مدخل رئيسي – اسم شخصي
الاسم الشخصي خير الله، فرج
علاقة الشخص بالعمل/ دوره مؤلف.
245 10 - بيان العنوان
العنوان إدارة الائتمان بالمصارف /
بيان المسؤولية الدكتور فرج خير الله.
250 ## - بيان الطبعة
بيان الطبعة الطبعة الأولى.
264 31 - بيانات النشر، التوزيع…إلخ
مكان النشر، التوزيع...إلخ عمان :
اسم الناشر، الموزع...إلخ دار امجد للنشر والتوزيع،
تاريخ النشر، التوزيع...إلخ 2016.
300 ## - الوصف المادي
عدد الوحدات المكونة للوعاء 172 صفحة.
650 17 - مدخل إضافي بالموضوع - مصطلح موضوعي
مصطلح موضوعي أو اسم جغرافي كعنصر مدخل الائتمان المصرفي.
650 17 - مدخل إضافي بالموضوع - مصطلح موضوعي
مصطلح موضوعي أو اسم جغرافي كعنصر مدخل اقتصاديات المال.
942 ## - بيانات إضافية (كوها)
نوع التنصيف Dewey Decimal Classification
نوع المادة (كوها) كتب
المقتنيات
حالة السحب حالة الفقدان مصدر التصنيف حالة التلف غير قابل للإعارة المكتبة الرئيسية المكتبة الحالية موقع الرف تاريخ التزويد الرقم المتسلسل Total Checkouts رقم الإستدعاء الباركود تاريخ آخر ظهور تاريخ الفاتورة نوع المادة (كوها)
    Dewey Decimal Classification     المكتبة المركزية المكتبة المركزية الإعارة 28/07/2025 1661783   332.7 / خ ي ر PLD00405650 28/07/2025 28/07/2025 كتب
    Dewey Decimal Classification     مكتبة أم قصير والمقابلين العامة مكتبة أم قصير والمقابلين العامة الإعارة 29/10/2017 1661785   332.7/خير PLD00408289 28/07/2025 29/10/2017 كتب
    Dewey Decimal Classification     مكتبة الاميرة بديعة مكتبة الاميرة بديعة الإعارة 29/10/2017 1661787   332.7/خير PLD00408291 28/07/2025 29/10/2017 كتب
    Dewey Decimal Classification     مكتبة الجويدة مكتبة الجويدة الإعارة 29/10/2017 1661784   332.7/خير PLD00408288 28/07/2025 29/10/2017 كتب
    Dewey Decimal Classification     مكتبة حمزة العامة مكتبة حمزة العامة الإعارة 29/10/2017 1661786   332.7/خير PLD00408290 28/07/2025 29/10/2017 كتب
Implemented & Customized by: BBB with SCIT (Smart Chains for Information Technology)

Powered by Koha